000 00500nam a2200169 i 4500
001 85943
003 ES-MaACL
005 20230906175336.0
007 t|
008 041203s1977 sp ||||1| spa d
100 1 _aKelle, V.
_967751
245 1 0 _aSociología marxista
_b: ensayo sobre la teoría marxista de la sociedad /
_cV. Kelle y M. Kovalzón.
260 _a[Madrid] :
_bAkal,
_c[1977]
300 _a350 p. ;
_c18 cm.
700 1 _aKovalzón, M.
_968678
852 _aES-MaACL
_jA-7878
_bR.96974
999 _c85943
_d85943